Normal view MARC view

Entry Meeting Name

Number of records used in: 1

001 - CONTROL NUMBER

  • control field: 7201

003 - CONTROL NUMBER IDENTIFIER

  • control field: OSt

005 - DATE AND TIME OF LATEST TRANSACTION

  • control field: 20211105132849.0

008 - FIXED-LENGTH DATA ELEMENTS

  • fixed length control field: 211105|| aca||aabn | a|a d

040 ## - CATALOGING SOURCE

  • Original cataloging agency: OSt
  • Transcribing agency: OSt

111 ## - HEADING--MEETING NAME

  • Meeting name or jurisdiction name as entry element: symposium on HII Regions
  • Location of meeting: Charlottesville, Varginia
  • Date of meeting or treaty signing: 1967 Dec. 8-11

670 ## - SOURCE DATA FOUND

  • Source citation: Work cat.: (OSt): symposium on HII Regions Charlottesville, Varginia 1967 Dec. 8-11, Interstellar ionized hydrogen, 1968

Powered by Koha